LEADER 01335nam a2200325 u 4500 001 000000082249 003 CaOOAMICUS 005 20070226123837.0 008 050411s2000 it a u000 u ita u 020 $a8817172987 035 $a11038415 040 $aPUL$bita 041 1 $aita$hlat 100 1 $aFicino, Marsilio,$d1433-1499.$0(OLS)http://pul/name/13395 240 10$aDisputatio contra iudicium astrologum.$lItaliano.$0(OLS)http://pul/title/107512 245 10$aScritti sull'astrologia /$cMarsilio Ficino ; a cura di Ornella Pompeo Faracovi. 250 $a2. ed. 260 $aMilano :$bBiblioteca Universale Rizzoli,$c2000. 300 $a259 p. :$bill. ;$c18 cm 490 1 $aClassici della BUR ;$vL1297 500 $aInclude indice. 504 $aBibliografia in nota. 700 1 $aPompeo Faracovi, Ornella.$0(OLS)http://pul/name/21217 830 0$aClassici della BUR ;$vL1297.$0(OLS)http://pul/title/31827 850 $aPUL 852 $aPUL$W1$xSL Filosofia 3$y81$m133. 5 FICMA 1$j104830$nBK-PRI$bDDC 21$q $B104830$CPULBib$Z2$F104830 $H97787 $81 941 1 $a9 996 $6020$a8817172987$9(OLS)http://pul/number/108979 996 $6245$aScritti sull'astrologia$9(OLS)http://pul/title/107513 996 $6260$aMilano :$bBiblioteca Universale Rizzoli$9(OLS)http://pul/publisher/61121 LEADER 01733nam a2200325 u 4500 001 000000112240 003 CaOOAMICUS 005 20080701143409.0 008 080701s2006 vc u100 u eng u 020 $a88-210-0810-X 040 $aPUL$bita$dLDB 041 0 $aeng$aita$aspa$ager$afre 111 2 $aInternational Congress of Medieval Canon Law$n(11th :$d2000 :$cCatania, Italy).$0(OLS)http://pul/name/69140 245 10$aProceedings of the Eleventh International Congress of Medieval Canon Law :$bCatania, 30 July-6 August 2000 /$cedited by Manlio Bellomo and Orazio Condorelli. 260 $aCittą del Vaticano :$bBiblioteca Apostolica Vaticana,$c2006. 300 $axxviii, 804 p. ;$c26 cm 490 1 $aMonumenta iuris canonici.$aSeries C, Subsidia ;$v12 500 $aComprende indici. 504 $aBibliografia in nota. 546 $aTesto in italiano, inglese, francese, spagnolo, tedesco. 650 4$aDiritto canonico medievale$xCongressi.$0(OLS)http://pul/subject/7869 700 1 $aBellomo, Manlio,$d1933-$0(OLS)http://pul/name/6671 700 1 $aCondorelli, Orazio,$d1966-$0(OLS)http://pul/name/69141 830 0$aMonumenta iuris canonici.$nSeries C,$pSubsidia ;$v12.$0(OLS)http://pul/title/13985 850 $aPUL 852 $aPUL$W1$xSL Diritto Canonico 3$y77$m262. 99 CAN.7 5.12$j128469$qDDC 21$B127345$CPULBib$Z2$F127345 $H107843 $82 941 1 $a9 996 $6020$a88-210-0810-X$9(OLS)http://pul/number/138269 996 $6245$aProceedings of the Eleventh International Congress of Medieval Canon Law :$bCatania, 30 July-6 August 2000$9(OLS)http://pul/title/141082 996 $6260$aCittą del Vaticano :$bBiblioteca Apostolica Vaticana$9(OLS)http://pul/publisher/48729